Podaj państwo na podstawie 3 miast niebędących stolicami - Statystyki

Ogólne statystyki
  • Ten quiz został rozwiązany 32 razy
  • Średni wynik to 13 z 15
Statystyki odpowiedzi
Hint Odpowiedź % Poprawnych
Krzywy Róg, Zaporoże, Odessa Ukraina
100%
Linz, Graz, Salzburg Austria
97%
Limerick, Cork, Galway Irlandia
94%
Metz, Reims, Orlean Francja
90%
Kłajpeda, Kowno, Troki Litwa
90%
Aberdeen, Derby, Reading Wielka Brytania
90%
Szekesfehervar, Miszkolc, Kecskemet Węgry
87%
Randers, Odense, Aalborg Dania
84%
Narwa, Tartu, Haapsalu Estonia
81%
Chania, Janina, Pireus Grecja
81%
Nowy Sad, Nisz, Kragujevac Serbia
81%
Koper, Maribor, Celje Słowenia
81%
Lukka, Modena, Triest Włochy
81%
Jełgawa, Lipawa, Dyneburg Łotwa
77%
Tetowo, Kumanowo, Bitola Macedonia Północna
45%
Nie znaleziono quizów pasujących do podanych kryteriów
Rozkład punktacji
Procent ludzi z każdym wynikiem
Percentyl według liczby udzielonych odpowiedzi
Twoja historia wyników
Nie rozwiązałeś tego quizu